LEADER 01080nam a2200253 i 4500 001 000000203514 003 CaOOAMICUS 005 20110630000000.0 008 110630s1951 it u000 u ita u 013 $a182227 040 $aSeMil$bita 100 1 $aJacini, Stefano,$d<1886-1952>.$0(OLS)http://semarc/name/7400 245 10$aStoria del partito popolare italiano /$cStefano Jacini ; prefazione di Luigi Sturzo. 260 $a[Milano] :$bGarzanti,$c1951. 300 $aXVI, 345 p. ;$c22 cm. 490 0 $aMemorie e documenti 500 $aContiene : appendice. 650 4$aPartito popolare italiano <1919-1926> - Storia.$0(OLS)http://semarc/subject/73 700 1 $aSturzo, Luigi,$c.$0(OLS)http://semarc/name/414 830 0$aMemorie e documenti.$0(OLS)http://semarc/title/7193 850 $aSeMil 852 $aSeMil$W1$xVenegono$y1$m3U II 180$j154008$B154008$CSeMilBibl$Z2$F164866 $81 996 $6245$aStoria del partito popolare italiano$9(OLS)http://semarc/title/294756 996 $6260$a[Milano] :$bGarzanti$9(OLS)http://semarc/publisher/31829 LEADER 00727nam a2200181 i 4500 001 000000118539 003 CaOOAMICUS 005 20260313095641.0 008 021002s1973 it u000 u fre u 040 $aSeMil$bita 245 10$aSixieme livraison, ou Septieme volume. 300 $apag. varia :$btav., 259 Planches. 773 0 $tRecueil de planches, sur les sciences, les arts liberaux, et les arts méchaniques, avec leur explication.$w()10062 850 $aSeMil 852 $aSeMil$W1$xVenegono$y1$mSL1.L VII 7$j268418$B73839$CSeMilBibl$Z2$F76451 $8I 961 $aOmaggio: Martini Card. Carlo Maria 996 $6245$aSixieme livraison, ou Septieme volume$9(OLS)http://semarc/title/174163